"Hello World" dans différents langages de programmation - Statistiques

Statistiques générales
  • Ce quiz a été pris 426 fois
  • Le résultat moyen est 7 sur 17
Statistiques - réponses
Hint Réponse % Correct
print(‘Hello World’) Python
85%
class HelloWorld {
 public static void main(String[] args) {
  System.out.println("Hello World");
 }
}
Java
71%
#include <stdio.h>
int main() {
  printf("Hello World");
  return 0;
}
C
70%
console.log("Hello World"); JavaScript
67%
ldy #0
beq in
loop:
jsr $ffd2
iny
in:
lda hello,y
bne loop
rts
hello: .tx "Hello World"
.by 13,10,0
Assembleur
66%
#include <iostream>
int main() {
  std::cout << "Hello World";
  return 0;
}
C++
64%
++++++++++[>+++++++>++++++++++>+++<<<-]>++.>+.+++++++
..+++.>++.<<+++++++++++++++.>.+++.------.--------.>+.
Brainfuck
61%
echo "Hello World" Bash
56%
namespace HelloWorld
{
  class Hello {
  static void Main(string[] args)
   {
     System.Console.WriteLine("Hello World");
   }
  }
}
C#
44%
fn main() {
 println!("Hello World");
}
Rust
25%
IDENTIFICATION DIVISION.
PROGRAM-ID. IDSAMPLE.
ENVIRONMENT DIVISION.
PROCEDURE DIVISION.
  DISPLAY 'HELLO WORLD'.
STOP RUN.
Cobol
24%
main :: IO ()
main = putStrLn "Hello World"
Haskell
21%
print_string "Hello World";; OCaml
21%
package main

import "fmt"
func main() {
 fmt.Println("Hello World")
}
Go
20%
program hello
 print *, "Hello World"
end program
Fortran
19%
puts "Hello World" Ruby
19%
(display "Hello World") Scheme
17%
Aucun quiz correspondant
Distribution des résultats
% des personnes avec chaque résultat
Percentile par nombre de réponses
Votre historique - résultats
Vous n’avez pas pris ce quiz